[Event "Hilton Open"]
[Site "Basel SUI"]
[Date "2011.01.01"]
[Round "1.8"]
[White "Meyer,B"]
[Black "Mirzoev,A"]
[Result "0-1"]
[WhiteElo "2133"]
[BlackElo "2563"]

1.g3 d5 2.Nf3 Nf6 3.Bg2 Bg4 4.O-O c6 5.b3 Nbd7 6.Bb2 e6 7.d3 a5 8.a4 Bb4
9.e4 O-O 10.Qe2 Qb6 11.Rd1 Rfd8 12.Nbd2 Bh5 13.h3 Qa6 14.Kh1 dxe4 15.Nxe4 Nd5
16.c4 Ne7 17.d4 Qb6 18.Bc1 Bg6 19.Bg5 Qa6 20.Ne5 Nxe5 21.dxe5 h6 22.Bd2 Bxd2
23.Rxd2 Qb6 24.Nd6 Qxb3 25.g4 Rd7 26.f4 Rad8 27.Rad1 Qxa4 28.Nxb7 Qxd1+ 29.Rxd1 Rxd1+
30.Kh2 R8d2 31.Qe3 Rb2  0-1

[Event "Hastings Masters 2010-11"]
[Site "Hastings ENG"]
[Date "2011.01.01"]
[Round "5.22"]
[White "Radovanovic,J"]
[Black "Williams,Pe"]
[Result "1-0"]
[WhiteElo "2276"]
[BlackElo "2179"]

1.g3 d5 2.Nf3 g6 3.Bg2 Bg7 4.O-O e5 5.c4 c6 6.d3 Ne7 7.Nbd2 O-O 8.Rb1 Nd7
9.b4 Re8 10.Bb2 f6 11.Ba1 Nf8 12.b5 Be6 13.bxc6 bxc6 14.Qa4 Nd7 15.Rfc1 Nb6
16.Qa5 g5 17.Ne1 h5 18.cxd5 cxd5 19.Nb3 h4 20.Rc2 hxg3 21.hxg3 Qd6 22.Rbc1 Rec8
23.Bb2 Rxc2 24.Nxc2 f5 25.Ba3 Qd8 26.Nc5 Bc8 27.Na4 Be6 28.Bxe7 Qxe7 29.Nxb6  1-0

[Event "Berkeley Int Open"]
[Site "Berkeley USA"]
[Date "2011.01.02"]
[Round "1"]
[White "Panchanathan,M"]
[Black "Lobo,Ri1"]
[Result "1-0"]
[WhiteElo "2537"]
[BlackElo "2262"]

1.Nf3 d5 2.g3 Nf6 3.Bg2 c6 4.O-O Bf5 5.d3 h6 6.Nbd2 e6 7.b3 Be7 8.Bb2 a5
9.e4 Bh7 10.a3 O-O 11.Qe2 Na6 12.Ne5 Re8 13.Kh1 Qb6 14.f4 Rad8 15.Nxf7 Kxf7
16.e5 Nc7 17.exf6 gxf6 18.Nf3 Bf8 19.Nh4 Bg7 20.f5 e5 21.Bc1 e4 22.dxe4 dxe4
23.Be3 Qb5 24.Qh5+ Kg8 25.Bxh6 e3 26.Bxg7 Kxg7 27.Rf4 Ne6 28.Re4 e2 29.Rxe2 Nc7
30.Rxe8 Rxe8 31.Rd1 Re7 32.Qg4+ Kh6 33.Ng6 Rf7 34.h4 a4 35.h5 Bg8 36.Rd8 Kh7
37.Nf8+ Kh6 38.Qg6+  1-0

[Event "37th ch-IND w"]
[Site "Bhubaneswar IND"]
[Date "2011.01.02"]
[Round "8"]
[White "Gomes,Mary"]
[Black "Swati,M"]
[Result "1-0"]
[WhiteElo "2306"]
[BlackElo "2090"]

1.Nf3 d5 2.g3 e6 3.Bg2 c5 4.O-O Nc6 5.d3 Nf6 6.Nbd2 Be7 7.e4 O-O 8.e5 Ne8
9.Re1 Nc7 10.Nf1 b5 11.h4 Bb7 12.N1h2 d4 13.Ng5 Na5 14.Qh5 Bxg5 15.Bxg5 f6
16.exf6 gxf6 17.Bh6 Rf7 18.Qxc5 Bxg2 19.Kxg2 Qd7 20.Qh5 Re8 21.a4 Rb8 22.Nf3 Nc6
23.axb5 Rxb5 24.Qg4+ Kh8 25.Ra4 Rxb2 26.Rc4 Rb4 27.Rxb4 Nxb4 28.Nxd4 f5 29.Qf4 Nc6
30.Nxc6 Qxc6+ 31.Kg1 Rd7 32.Qe5+ Kg8 33.Qf6 Qd6 34.Bf4 Qe7 35.Qh6 Qg7 36.Qh5 Qf7
37.Qf3 Nd5 38.Be5 Qg6 39.c4 Nb4 40.Qa8+ Kf7 41.Qc8 Re7 42.Bd6 Nxd3 43.Bxe7 Kxe7
44.Qc7+  1-0

[Event "XIV New Year Open"]
[Site "Guben GER"]
[Date "2011.01.02"]
[Round "2.6"]
[White "Peschke,U"]
[Black "Foisor,C"]
[Result "0-1"]
[WhiteElo "2086"]
[BlackElo "2405"]

1.Nf3 d5 2.g3 Nf6 3.Bg2 b5 4.O-O e6 5.d3 Be7 6.Nbd2 O-O 7.e4 c5 8.Re1 Nc6
9.e5 Nd7 10.Nf1 b4 11.h4 a5 12.N1h2 Ra6 13.Bf4 a4 14.Ng4 a3 15.b3 Kh8 16.Ng5 Bxg5
17.hxg5 Bb7 18.Kh2 Qb8 19.Rh1 Rd8 20.Kg1 g6 21.Nf6 Nxf6 22.gxf6 Kg8 23.Bh6 Qxe5
24.Bg7 Nd4 25.f4 Qe3+ 26.Kh2 Nf5 27.Qg4 Nxg7 28.Rae1 Qd4 29.fxg7 Qxg7 30.Re5 Rad6
31.Rhe1 Qf6 32.Qe2 Ba6 33.Qe3 Rc8 34.Bf1 Kg7  0-1

[Event "Czech Chess Christmas 2010-11"]
[Site "Litomysl CZE"]
[Date "2011.01.02"]
[Round "9.14"]
[White "Seidl,S"]
[Black "Volodin,V"]
[Result "0-1"]
[WhiteElo "2088"]
[BlackElo "2223"]

1.Nf3 d5 2.g3 c5 3.Bg2 Nc6 4.d4 e6 5.O-O Nf6 6.c3 Be7 7.Nbd2 O-O 8.a3 a5
9.dxc5 Bxc5 10.b4 axb4 11.Nb3 Be7 12.cxb4 Ne4 13.Bb2 Bf6 14.Nfd4 Nd6 15.Nxc6 bxc6
16.Bxf6 Qxf6 17.Qc1 Nc4 18.e3 Ba6 19.Nc5 Ra7 20.Rd1 Bb5 21.Bf1 Nd6 22.Bxb5 cxb5
23.a4 bxa4 24.Rxa4 Rxa4 25.Nxa4 Qf3 26.Nc5 h5 27.Rd4 Ra8 28.Qf1 Ra2 29.Rf4 Qe2
30.Qxe2 Rxe2 31.Rd4 Rb2 32.e4 Nb5 33.Rd3 d4 34.Nb3 e5 35.Kg2 Nc3 36.Nd2 Rxb4
37.Kf3 f6 38.h3 g5 39.Kg2 Kf7 40.h4 g4 41.f3 Rb2 42.fxg4 Nxe4 43.gxh5 Rxd2+
44.Rxd2 Nxd2 45.g4 e4 46.Kf2 e3+ 47.Ke2 Ne4 48.Kf3 Nc3 49.g5 e2 50.Kf2 fxg5
51.hxg5 d3 52.Ke1  0-1

[Event "Rilton Cup 2010-11"]
[Site "Stockholm SWE"]
[Date "2011.01.02"]
[Round "6"]
[White "Jacobsen,Bo"]
[Black "Hillarp Persson,T"]
[Result "0-1"]
[WhiteElo "2317"]
[BlackElo "2528"]

1.g3 d5 2.Nf3 c6 3.Bg2 Nf6 4.O-O Bg4 5.c4 e6 6.cxd5 exd5 7.Qb3 Qb6 8.Qc2 Na6
9.Nc3 Be7 10.d3 O-O 11.a3 Nc5 12.Be3 Qb3 13.Qb1 Bxf3 14.Bxf3 a5 15.Rc1 Ne6
16.Qa2 a4 17.Qxb3 axb3 18.Nb1 Nd7 19.Bg4 Bf6 20.Bxe6 fxe6 21.d4 e5 22.Rd1 Ra4
23.dxe5 Bxe5 24.Bc1 Rc4 25.Nd2 Rc2 26.Rb1 Nc5 27.Kf1 d4 28.f4 d3 29.e3 Bc7
30.Nf3 Rd8 31.Bd2 Ne4 32.Be1 c5 33.Nd2 Nxd2+ 34.Bxd2 c4  0-1

[Event "Berkeley Int Open"]
[Site "Berkeley USA"]
[Date "2011.01.03"]
[Round "4"]
[White "Bykhovsky,An ISR"]
[Black "Cornejo,M"]
[Result "1-0"]
[WhiteElo "2510"]
[BlackElo "2413"]

1.Nf3 d5 2.g3 c6 3.Bg2 Bf5 4.O-O Nd7 5.c4 e6 6.cxd5 exd5 7.d3 Ngf6 8.Nc3 Be7
9.Qc2 Bg4 10.e4 O-O 11.h3 Bxf3 12.Bxf3 d4 13.Nb1 Ne8 14.Bg2 Rc8 15.Nd2 b5
16.a4 a6 17.f4 Nc5 18.b3 Nf6 19.g4 h6 20.Nf3 Nb7 21.f5 Bc5 22.Kh1 Nd7 23.e5 Re8
24.Bf4 Nb6 25.f6 Nd5 26.Qc1 Bb4 27.Bxh6 gxf6 28.Ra2 Nc5 29.Nxd4 Nxd3 30.Qc2 Nxe5
31.Raa1 Bf8 32.Nf5 Nb4 33.Qf2 Ng6 34.Rad1 Nd5 35.Bxf8 Nxf8 36.g5 Ne6 37.Nh6+ Kg7
38.Bxd5 cxd5 39.gxf6+ Kxh6 40.Qh4+ Kg6 41.Qg4+ Ng5 42.Rf5  1-0

[Event "Berkeley Int Open"]
[Site "Berkeley USA"]
[Date "2011.01.03"]
[Round "4"]
[White "Santic,B"]
[Black "Sandberg,E"]
[Result "0-1"]
[WhiteElo "2259"]
[BlackElo "2173"]

1.Nf3 d5 2.g3 Nf6 3.Bg2 c6 4.O-O Bg4 5.d3 Nbd7 6.c4 e6 7.b3 Bd6 8.Ba3 Bxa3
9.Nxa3 Qe7 10.Qc1 O-O 11.Nc2 a5 12.Ne3 Qd6 13.Qb2 Rfd8 14.a3 Bxf3 15.Bxf3 a4
16.b4 Ne5 17.Bg2 dxc4 18.dxc4 Qd4 19.Qxd4 Rxd4 20.Rfc1 Rad8 21.h3 Ne4 22.Bxe4 Rxe4
23.Rc3 Red4 24.f4 Ng6 25.Kf2 h5 26.Kf3 h4 27.Nc2 Rd1 28.Rxd1 Rxd1 29.Ne3 Rb1
30.gxh4 Rb3 31.Rd3 e5 32.Ng2 f5 33.Ke3 exf4+ 34.Kd4 Rb2 35.h5 Rxe2 36.hxg6 Rxg2
37.Kc5 Rxg6 38.Kb6 Rg3 39.Rd8+ Kf7 40.Kxb7 Rxa3 41.Kxc6 Rb3 42.b5 a3 43.b6 f3
44.b7 a2 45.Rd7+ Kg6 46.Rd3 Rxb7 47.Kxb7 a1=Q 48.Rd6+ Kh7  0-1

[Event "XXI Cracow Open"]
[Site "Cracow POL"]
[Date "2011.01.03"]
[Round "8.22"]
[White "Rawicz,K1"]
[Black "Janus,P"]
[Result "1/2-1/2"]
[WhiteElo "2300"]
[BlackElo "2126"]

1.Nf3 d5 2.g3 c5 3.Bg2 Nc6 4.d4 e6 5.O-O Nf6 6.c4 dxc4 7.Ne5 Nxe5 8.dxe5 Nd5
9.Qc2 Qc7 10.Rd1 Nb6 11.a4 Be7 12.Nc3 a6 13.a5 Nd7 14.f4 O-O 15.Bd2 Rb8 16.Na4 Rd8
17.Rac1 Nf8 18.Nb6 Bd7 19.Bc3 Bb5 20.f5 Bg5 21.Rxd8 Rxd8 22.Rf1 Be3+ 23.Kh1 Bd4
24.Qe4  1/2-1/2

[Event "Berkeley Int Open"]
[Site "Berkeley USA"]
[Date "2011.01.04"]
[Round "6"]
[White "Uesugi,S"]
[Black "Gupta,Ank"]
[Result "1/2-1/2"]
[WhiteElo "2331"]
[BlackElo "2258"]

1.Nf3 d5 2.g3 Nf6 3.Bg2 c6 4.O-O Bf5 5.d3 e6 6.c4 Be7 7.Qb3 Qc8 8.cxd5 exd5
9.Nc3 O-O 10.Bf4 Nbd7 11.Rfe1 Nc5 12.Qc2 h6 13.e4 dxe4 14.dxe4 Bh7 15.Nd4 Re8
16.Nf5 Ne6 17.Nd6 Bxd6 18.Bxd6 Nd5 19.Nxd5 cxd5 20.Qxc8 Raxc8 21.exd5 Nd4
22.Rxe8+ Rxe8 23.Bc7 Bf5 24.d6 Nc6 25.Rd1 Bd7 26.Bf3 g5 27.h3 Kg7 28.Kg2 f5
29.g4 f4 30.b4 Nxb4 31.Bxb7 Nxa2 32.Ra1 Nc3 33.Rc1 Ne2 34.Rc4 Kf6 35.Be4 Re5
36.Bc6 Bxc6+ 37.Rxc6 f3+ 38.Kh2 Ke6 39.Ra6 Rd5 40.Ra3 Nd4 41.Rxa7 Nb5 42.Ra6 Rd1
43.Rb6 Nd4 44.d7+ Kxd7 45.Bg3 Ne2 46.Rf6 Ke7 47.Rxf3 Nxg3 48.Kxg3 Rd6 49.h4 gxh4+
50.Kxh4 Rd5 51.Rf4 Ra5 52.Rb4 Kf6 53.Rb6+ Kg7 54.f4 Ra1 55.f5 Rh1+ 56.Kg3 Rg1+
57.Kf4 Rf1+ 58.Ke5 Re1+ 59.Kd5 Rd1+ 60.Ke6 Re1+ 61.Kd7 h5 62.g5 Re5 63.Rg6+ Kf7
64.Rf6+ Kg7 65.Kd6 Ra5 66.Rg6+ Kf7 67.Rf6+  1/2-1/2

[Event "Rilton Cup 2010-11"]
[Site "Stockholm SWE"]
[Date "2011.01.04"]
[Round "8"]
[White "Jacobsen,Bo"]
[Black "Smith,Ax"]
[Result "0-1"]
[WhiteElo "2317"]
[BlackElo "2448"]

1.g3 d5 2.Nf3 Nf6 3.Bg2 g6 4.c4 d4 5.d3 Bg7 6.Na3 O-O 7.b4 a5 8.b5 Re8 9.Nc2 c5
10.bxc6 Nxc6 11.Rb1 e5 12.Nd2 h5 13.O-O h4 14.Ne4 Nxe4 15.Bxe4 Bh3 16.Re1 Qd7
17.e3 hxg3 18.hxg3 Bg4 19.f3 Be6 20.exd4 exd4 21.f4 Bg4 22.Qd2 Re6 23.Qg2 Rae8
24.Bd2 Kf8 25.Bxc6 bxc6 26.Rxe6 Rxe6 27.Re1 Rxe1+ 28.Nxe1 a4 29.a3 Kg8 30.Bb4 Bd1
31.Qe4 Bf6 32.Nf3 Bxf3 33.Qxf3 Be7 34.c5 Qe6 35.Qe4 Qxe4 36.dxe4 f5 37.exf5 gxf5
38.Kf2 Kf7 39.Kf3 Ke6 40.g4 fxg4+  0-1

[Event "XXII Open"]
[Site "Villa De Roquetas ESP"]
[Date "2011.01.04"]
[Round "5"]
[White "Camacho Collados,J"]
[Black "Sumets,A"]
[Result "1/2-1/2"]
[WhiteElo "2376"]
[BlackElo "2619"]

1.Nf3 d5 2.g3 g6 3.c4 c6 4.Bg2 Bg7 5.d4 Nf6 6.O-O O-O 7.cxd5 cxd5 8.Nc3 e6
9.Bf4 Nc6 10.Ne5 Nd7 11.Nxc6 bxc6 12.Na4 Ba6 13.Qd2 Bb5 14.Nc3 Qb6 15.Rfd1 Rfc8
16.e4 Nf6 17.Be5 dxe4 18.Nxe4 Nxe4 19.Bxe4 Bc4 20.h4 Bxe5 21.dxe5 Bd5 22.Re1 Rd8
23.Qf4 Bxe4 24.Rxe4 Qxb2 25.Rc1 Qxa2 26.h5 Qd2 27.hxg6 hxg6 28.Rxc6 Qxf4
29.Rxf4 Rd7 30.Ra6 Rb8 31.Kg2 Rb2 32.Ra5 Kg7 33.Kh3 Rbd2 34.Kg4 R2d5 35.Rfa4 Rxa5
36.Rxa5 Rd5 37.Rxa7 Rxe5 38.f4 Rb5 39.Kh4 Rh5+ 40.Kg4 Kf6 41.Kf3 Rb5 42.Ra8 Kf5
43.Ra7 Rb3+ 44.Kf2 f6 45.Ra6 Rc3 46.Rb6 Ra3 47.Rc6 g5 48.fxg5 fxg5 49.g4+ Ke5
50.Rc5+ Kf6 51.Rc8 Ra5 52.Kf3 Ke5 53.Rb8 Ra3+ 54.Kf2 Rd3 55.Rb6 Rd6 56.Rb5+ Rd5
57.Rb6 Ra5 58.Rb8 Kd5 59.Rg8 Ke4 60.Rg6 Re5 61.Rf6 Kd5 62.Rg6 Kd4 63.Rf6 Ke4
64.Ke2 Kd5+ 65.Kf3 Kd6 66.Rg6 Ke7 67.Rg8 Kf7 68.Ra8 Re1 69.Ra7+ Kf6 70.Rb7 Rf1+
71.Kg3 Ra1 72.Kf3 Ra3+ 73.Kf2 Ke5 74.Rb5+ Kf6 75.Rb7 Rd3 76.Ra7 Ke5 77.Ra5+ Rd5
78.Ra6 Rb5 79.Kf3 Kd5 80.Ra8 e5 81.Rd8+ Ke6 82.Rg8 Rb3+ 83.Kf2 Kf6 84.Rf8+ Kg6
85.Rg8+ Kf6 86.Rf8+ Ke6 87.Rg8 Kd5 88.Rxg5 Ke4 89.Rg8 Rb2+ 90.Kg3 Ke3  1/2-1/2

[Event "Berkeley Int Open"]
[Site "Berkeley USA"]
[Date "2011.01.05"]
[Round "7"]
[White "Gupta,Ank"]
[Black "Pamatmat,J"]
[Result "1/2-1/2"]
[WhiteElo "2258"]
[BlackElo "2100"]

1.Nf3 d5 2.g3 c6 3.Bg2 Bf5 4.O-O Nf6 5.d3 h6 6.Nbd2 e6 7.b3 Be7 8.Bb2 Nbd7
9.Re1 O-O 10.e4 Bh7 11.Qe2 a5 12.a3 Qb6 13.Ne5 Nxe5 14.Bxe5 Nd7 15.Bb2 Bf6
16.e5 Be7 17.Kh1 a4 18.b4 c5 19.c4 cxb4 20.cxd5 exd5 21.e6 Qxe6 22.Qxe6 fxe6
23.Rxe6 Bf6 24.d4 Nc5 25.Rxf6 Rxf6 26.dxc5 Rxf2 27.Bxd5+ Kh8 28.Nc4 Rd8 29.Nd6  1/2-1/2

[Event "1st HDBank Cup"]
[Site "Ho Chi Minh City VIE"]
[Date "2011.01.05"]
[Round "3.24"]
[White "Shen Siyuan"]
[Black "Ton,T"]
[Result "1/2-1/2"]
[WhiteElo "2374"]
[BlackElo "2232"]

1.Nf3 d5 2.g3 c6 3.b3 Bf5 4.Bb2 Nd7 5.Bg2 Qc7 6.d4 Ngf6 7.c4 e6 8.O-O Be7
9.Nc3 Ne4 10.Nd2 Nxd2 11.Qxd2 h5 12.Rac1 Qa5 13.cxd5 exd5 14.a3 h4 15.b4 Qd8
16.e4 dxe4 17.Nxe4 Bxe4 18.Bxe4 Nf6 19.Bg2 Rh5 20.Rfe1 Kf8 21.Qd1 hxg3 22.hxg3 g6
23.Re5 Qd7 24.Qf3 Rh7 25.b5 Nd5 26.a4 Kg7 27.Qb3 Rd8 28.bxc6 bxc6 29.Qc4 Bf6
30.Ree1 Qf5 31.Ba3 Rdh8 32.Qxc6 Nf4 33.gxf4 Qg4 34.Kf1 Qxf4 35.Qe4 Qg5 36.Bd6 Rh4
37.Qe3 Qg4 38.Qg3 Qxd4 39.Be5 Bxe5 40.Qxe5+ Qxe5 41.Rxe5 Rh1+ 42.Bxh1 Rxh1+
43.Ke2 Rxc1 44.Re7 a6 45.Ra7 Rc6 46.Kf3 Re6 47.a5 g5 48.Kg3 Rf6 49.f3 Kg6
50.Rb7 Kf5 51.Rc7 Kg6 52.Kg4 Rd6 53.Ra7 f6 54.Ra8 Kf7 55.Kh5 Ke6 56.Kg6 Ke5
57.Rf8 Re6 58.Rf7  1/2-1/2

[Event "23rd Staufer-Open"]
[Site "Leinzell GER"]
[Date "2011.01.05"]
[Round "7"]
[White "Reschke,St"]
[Black "Vaysberg,A"]
[Result "1/2-1/2"]
[WhiteElo "2368"]
[BlackElo "2199"]

1.Nf3 d5 2.g3 Nf6 3.Bg2 Bf5 4.c4 dxc4 5.Na3 Nbd7 6.Nxc4 c6 7.d3 e5 8.O-O Qc7
9.b3 Bg4 10.Nfxe5 Nxe5 11.Bf4 Bd6 12.Nxd6+ Qxd6 13.d4 Nfd7 14.f3 Be6 15.dxe5 Qc5+
16.Kh1 h6 17.Qd6 Qb6 18.Qd2 Qc7 19.Qd6 Qb6 20.Bc1 O-O-O 21.Ba3 h5 22.Rfc1 h4
23.g4 h3 24.Bf1 Rh6 25.Bc5 Nxc5 26.Qxc5 Rd5 27.Qxb6 axb6 28.g5 Rh4 29.g6 fxg6
30.Kg1 Rxe5 31.Kf2 g5 32.Rc3 Rf5 33.Rd1 Kc7 34.Re3 Rf6 35.Re5 Rh5 36.Kg3 g6
37.Re3 b5 38.Rd2 Rh7 39.Rd1 Bf5 40.Re5 Re6 41.Rxe6 Bxe6 42.e3 Re7 43.Rd2 Rf7
44.Rf2  1/2-1/2

[Event "53rd Masters"]
[Site "Reggio Emilia ITA"]
[Date "2011.01.05"]
[Round "8"]
[White "Morozevich,A"]
[Black "Godena,M"]
[Result "1-0"]
[WhiteElo "2700"]
[BlackElo "2549"]

1.Nf3 d5 2.g3 c6 3.Bg2 Bg4 4.d3 Nd7 5.Nbd2 Ngf6 6.h3 Bxf3 7.Nxf3 e5 8.O-O Qc7
9.c4 dxc4 10.dxc4 Bc5 11.e3 O-O 12.Qc2 Rfe8 13.b3 a5 14.Bb2 a4 15.Bc3 axb3
16.axb3 Rxa1 17.Rxa1 Qd6 18.Ra4 Qe7 19.Nd2 Nb6 20.Ra5 Nbd7 21.Qb2 Bb4 22.Bxb4 Qxb4
23.Ra4 Qf8 24.b4 Ra8 25.Rxa8 Qxa8 26.c5 Qa4 27.Nc4 h6 28.Bf1 Kf8 29.Qd2 Kg8
30.h4 e4 31.Bh3 Nf8 32.Nd6 Nd5 33.b5 Qa1+ 34.Kg2 Qe5 35.b6 Qe7 36.Qd4 Nf6
37.Nf5 Qe8 38.Nxh6+ Kh7 39.Nf5 Ne6 40.Qc4 Nd8 41.Nd6 Qe5 42.Nxf7 Nxf7 43.Qxf7 Qxc5
44.Qxb7  1-0

[Event "1st HDBank Cup"]
[Site "Ho Chi Minh City VIE"]
[Date "2011.01.06"]
[Round "5.14"]
[White "Nguyen Thanh Son"]
[Black "Pitirotjirathon,J"]
[Result "1-0"]
[WhiteElo "2437"]
[BlackElo "2310"]

1.Nf3 d5 2.g3 Nf6 3.Bg2 c6 4.O-O Bg4 5.d4 Nbd7 6.Nbd2 e6 7.h3 Bh5 8.g4 Bg6
9.Ne5 Nxe5 10.dxe5 Ne4 11.Nxe4 Bxe4 12.f3 Bg6 13.f4 Bc5+ 14.e3 Be4 15.Bxe4 dxe4
16.Qxd8+ Rxd8 17.Kf2 Ke7 18.Ke2 a5 19.Bd2 Bb4 20.c3 Bc5 21.b4 Bb6 22.c4 Rd3
23.bxa5 Bc5 24.Rab1 Rhd8 25.Rxb7+ Ke8 26.Rb2 f6 27.exf6 gxf6 28.Rc1 Kf7 29.Rcc2 Ra3
30.Rb3 Ra4 31.a3 Rxa3 32.Rxa3 Bxa3 33.Ra2 Bc5 34.Rb2 Ke7 35.Rb7+ Kd6 36.Bc3  1-0

[Event "1st HDBank Cup"]
[Site "Ho Chi Minh City VIE"]
[Date "2011.01.07"]
[Round "6.24"]
[White "Roque,M"]
[Black "Tong Thai Hung"]
[Result "1-0"]
[WhiteElo "2291"]
[BlackElo "2084"]

1.Nf3 d5 2.g3 Nf6 3.Bg2 c6 4.O-O Bf5 5.d3 h6 6.Nc3 e6 7.Nd2 Bh7 8.e4 Be7
9.f4 O-O 10.Kh1 d4 11.Ne2 c5 12.h3 Nc6 13.g4 Rc8 14.Ng3 Qc7 15.a3 b5 16.b3 Na5
17.a4 a6 18.axb5 axb5 19.Nf3 Nc6 20.Qe2 Nd7 21.e5 Nb4 22.f5 Rcd8 23.Bf4 Nd5
24.Bd2 Ra8 25.g5 Rxa1 26.Rxa1 hxg5 27.Nxg5 Bxg5 28.Bxg5 Re8 29.fxe6 fxe6
30.Re1 Nb4 31.Nh5 Bf5 32.Ng3 Bg6 33.Bf4 c4 34.bxc4 bxc4 35.Be4 cxd3 36.cxd3 Bxe4+
37.Nxe4 Qc2 38.Qxc2 Nxc2 39.Rb1 Ra8 40.Rb7 Nf8 41.Ng5 Ne1 42.Rb3 Nh7 43.Nxe6 Ra1
44.Kh2 g5 45.Bg3 Ra2+ 46.Kh1 Ra1 47.Rb7 Nxd3+ 48.Kg2 Ra4 49.Rg7+ Kh8 50.Rd7 Kg8
51.Kf3 Ra3 52.Kg4 Nf4 53.Nxf4 gxf4 54.Bxf4 d3 55.Bh6 Ra4+ 56.Kf5 Rh4 57.Rd8+ Kf7
58.e6+ Ke7 59.Rd7+ Ke8 60.Rxh7 d2 61.Rh8+ Ke7 62.Bg5+ Kd6 63.Rd8+  1-0

[Event "Berkeley Int Open"]
[Site "Berkeley USA"]
[Date "2011.01.08"]
[Round "10"]
[White "Santic,B"]
[Black "Troff,Kayden"]
[Result "0-1"]
[WhiteElo "2259"]
[BlackElo "2247"]

1.Nf3 d5 2.g3 Nf6 3.Bg2 c6 4.O-O Bg4 5.d3 Nbd7 6.c4 e6 7.b3 Bd6 8.Bb2 O-O
9.Na3 Re8 10.Nc2 a5 11.a3 Qb6 12.Ne3 Bxf3 13.Bxf3 d4 14.Nc2 e5 15.Rb1 c5
16.Bc1 e4 17.Bg2 Re7 18.b4 axb4 19.axb4 cxb4 20.Nxb4 e3 21.fxe3 Bxb4 22.Bd2 Bxd2
23.Rxb6 Bxe3+ 24.Kh1 Nxb6 25.Qb3 Nfd7 26.Bxb7 Nc5 27.Qxb6 Nxb7 28.c5 Rc8
29.c6 Nd8 30.Ra1 Nxc6 31.Qxc6 Rce8 32.Ra7 g6 33.Ra2 Kg7 34.Qd5 Re5 35.Qd7 Rb8
36.Ra1 Rf5 37.Kg2 Rb2 38.Re1 Rf2+ 39.Kh3 Rbxe2 40.Rxe2 Rxe2 41.Qe7 h5 42.g4 hxg4+
43.Kxg4 Rg2+ 44.Kf3 Rf2+ 45.Kg3 Rf5 46.h3 Bg5 47.Qe4 Bf6 48.Kg2 Re5 49.Qc6 Re2+
50.Kf1 Re3 51.Qc4 Rxh3 52.Kg2 Re3 53.Qb5 Be5 54.Qc4 f6 55.Qb5 Kh6 56.Qc4 Kh5
57.Qb5 Kh4 58.Qc4 g5 59.Qf7 Kg4 60.Qc4 f5 61.Kf2 Kh3  0-1

[Event "9th Parsvnath Open"]
[Site "New Delhi IND"]
[Date "2011.01.08"]
[Round "2"]
[White "Kulkarni,C"]
[Black "Oleksienko,M"]
[Result "0-1"]
[WhiteElo "2317"]
[BlackElo "2552"]

1.Nf3 d5 2.g3 c6 3.Bg2 Bg4 4.Ne5 Bf5 5.d4 Nd7 6.Nf3 Ngf6 7.O-O e6 8.b3 a5
9.a4 Bd6 10.Bb2 h6 11.Nbd2 O-O 12.c4 Qe7 13.h3 Ne4 14.Nxe4 dxe4 15.Nd2 e3
16.fxe3 Qg5 17.Rf3 Bxg3 18.e4 Bg6 19.e5 Rad8 20.e3 Nxe5 21.dxe5 Bh5 22.Qe2 Rxd2
23.Qxd2 Bxf3 24.Bxf3 Bxe5+ 25.Kh1 Rd8 26.Qe2 Bxb2 27.Qxb2 Qxe3 28.Bg2 c5
29.Rf1 b6 30.Qb1 Qe2 31.Re1 Qd3 32.Qb2 Rd4 33.Rf1 Qe3 34.Qb1  0-1

[Event "36th Open"]
[Site "Seville ESP"]
[Date "2011.01.08"]
[Round "2"]
[White "Matamoros Franco,C"]
[Black "Carrabeo Garcia,M"]
[Result "1-0"]
[WhiteElo "2545"]
[BlackElo "2116"]

1.Nf3 d5 2.g3 Nf6 3.Bg2 Nc6 4.c4 d4 5.O-O e5 6.d3 Be7 7.b4 Bxb4 8.Nxe5 Nxe5
9.Qa4+ Nc6 10.Bxc6+ bxc6 11.Qxb4 Bh3 12.Re1 Qd6 13.Ba3 Qxb4 14.Bxb4 O-O-O
15.Be7 Rde8 16.Bxf6 gxf6 17.Nd2 h5 18.f3 h4 19.Kf2 hxg3+ 20.hxg3 Bf5 21.Rh1  1-0

[Event "Balogh-Rapport Match"]
[Site "Szombathely CZE"]
[Date "2011.01.10"]
[Round "7"]
[White "Rapport,R"]
[Black "Balogh,C"]
[Result "1/2-1/2"]
[WhiteElo "2531"]
[BlackElo "2604"]

1.Nf3 d5 2.g3 c6 3.c4 Bg4 4.Qb3 Bxf3 5.Qxf3 e6 6.Bg2 Nf6 7.O-O Be7 8.Qb3 Qb6
9.Qc2 O-O 10.b3 a5 11.Nc3 Na6 12.d3 Qd8 13.Bb2 d4 14.Ne4 Nxe4 15.dxe4 e5
16.a3 Nc5 17.b4 Na6 18.b5 cxb5 19.cxb5 Rc8 20.Qd1 Nc5 21.a4 Qd7 22.h4 Qe6
23.Kh2 Rc7 24.Ba3 b6 25.Bh3 Qb3 26.f3 Qxd1 27.Rfxd1 Nb3 28.Rab1 Bxa3 29.Rxb3 Bc1
30.Kg2 Rc2 31.Kf1 Be3 32.Ra3 g6 33.Bd7 f5 34.exf5 gxf5 35.Ra2 Rxa2 36.Be6+ Kg7
37.Bxa2 Rd8 38.Bb1 Rf8 39.Ba2 Kf6 40.Kg2 Rc8 41.Bb3 Rc3 42.Rd3 Rc7 43.Rd1 h5
44.Kh3 Rc3 45.Rd3 Rc1 46.Rd1 Rc7 47.g4 hxg4+ 48.fxg4 fxg4+ 49.Kxg4 Rg7+ 50.Kf3 Bf4
51.Ke4 Rg3 52.Bc4 Ra3 53.Bd3 Rxa4 54.Rg1 Ra3 55.h5 Bg5 56.Kd5 Rc3 57.h6 Rc5+
58.Kd6 e4 59.Bxe4 Bf4+ 60.Kd7 Bxh6 61.Rg6+ Ke5 62.Bd3 Bf4 63.Rxb6 Kd5 64.Rb7 Rc1
65.Ra7 Rg1 66.b6 Kc5 67.Rxa5+ Kxb6 68.Rb5+ Ka7  1/2-1/2

[Event "36th Open"]
[Site "Seville ESP"]
[Date "2011.01.12"]
[Round "6"]
[White "Paunovic,D"]
[Black "Estrada Nieto,J"]
[Result "1-0"]
[WhiteElo "2509"]
[BlackElo "2309"]

1.Nf3 d5 2.g3 Nf6 3.Bg2 c6 4.O-O Bg4 5.d3 Nbd7 6.c4 dxc4 7.dxc4 Bxf3 8.Bxf3 Ne5
9.Nd2 Nxf3+ 10.Nxf3 Qxd1 11.Rxd1 e6 12.Be3 Be7 13.Rd3 O-O 14.Rb3 b6 15.Ne5 Rac8
16.Rd1 Rfd8 17.Rxd8+ Bxd8 18.Ra3 Rc7 19.c5 bxc5 20.Bxc5 Nd7 21.Rd3  1-0

[Event "9th Parsvnath Open"]
[Site "New Delhi IND"]
[Date "2011.01.14"]
[Round "9"]
[White "Kuzubov,Y"]
[Black "Negi,P"]
[Result "1/2-1/2"]
[WhiteElo "2624"]
[BlackElo "2607"]

1.Nf3 d5 2.g3 g6 3.c4 dxc4 4.Qa4+ Nc6 5.Bg2 Bg7 6.Qxc4 h6 7.O-O e5 8.Nc3 Nge7
9.d3 O-O 10.Bd2 Be6 11.Qa4 Nd4 12.Rfc1 f5 13.Ne1 c5 14.Bxb7 Rb8 15.Bg2 Rxb2
16.Be3 Nxe2+ 17.Nxe2 Rxe2 18.Bxc5 e4 19.d4 f4 20.Rc2 Rxc2 21.Qxc2 e3 22.fxe3 fxe3
23.Qe4 Qd7 24.Nf3 Re8 25.Qxe3 Nf5 26.Qf2 Bd5 27.Re1 Rxe1+ 28.Qxe1 Bxf3 29.Bxf3 Nxd4
30.Bg2 a6 31.Kh1 Qf5 32.Bb6 Kh7 33.a4 a5 34.Qd1 Qe5 35.Qf1 h5 36.Bd8 Qe8
37.Bxa5 Qxa4 38.Bc3 Nf5 39.Bxg7 Kxg7 40.Qc1  1/2-1/2

[Event "49th TCh-DEN XtraCon 2010-11"]
[Site "Denmark DEN"]
[Date "2011.01.15"]
[Round "4.3"]
[White "Hansen,Lars"]
[Black "Glud,J"]
[Result "0-1"]
[WhiteElo "2252"]
[BlackElo "2474"]

1.g3 d5 2.Nf3 Nf6 3.Bg2 c6 4.d3 Bg4 5.Nbd2 Nbd7 6.e4 dxe4 7.dxe4 e5 8.h3 Bh5
9.O-O Bc5 10.Qe1 O-O 11.Nc4 Re8 12.a4 Qc7 13.Nh4 Bg6 14.Bg5 Nb6 15.Nxg6 hxg6
16.Nd2 Nh7 17.Be3 Bxe3 18.Qxe3 Rad8 19.Rfd1 a5 20.Qb3 Ng5 21.Bf1 Rd4 22.Qe3 Ne6
23.b3 Red8 24.Be2 Nc5 25.Nf3 Rxd1+ 26.Rxd1 Rxd1+ 27.Bxd1 Qd6 28.Be2 Ncd7
29.Qg5 Nf6 30.Qxe5 Qxe5 31.Nxe5 Nxe4 32.Bc4 Nd6 33.Bd3 g5 34.Kf1 f6 35.Ng4 Kf7
36.Ke2 Ke6 37.Ne3 Ke5 38.Ng4+ Kd4 39.Kd2 Nd5 40.Ne3 Nc3 41.Bf1 b5 42.axb5 cxb5
43.Kc1 Kc5 44.Kb2 Kb4 45.Bg2 a4 46.Nd5+ Nxd5 47.Bxd5 a3+ 48.Ka2 Kc5 49.Bg2 b4
50.c3 Nb5 51.cxb4+ Kxb4 52.Bf3 Nc3+ 53.Ka1 Kxb3 54.Bg4 Kc2  0-1

[Event "4NCL 2010-11"]
[Site "Hinckley Island ENG"]
[Date "2011.01.16"]
[Round "4.18"]
[White "Milovanovic,A"]
[Black "Hulmes,D"]
[Result "0-1"]
[WhiteElo "2255"]
[BlackElo "2255"]

1.Nf3 d5 2.g3 c5 3.b3 Nc6 4.Bb2 f6 5.d4 cxd4 6.Nxd4 e5 7.Nxc6 bxc6 8.Bg2 Be6
9.O-O Bc5 10.Nd2 Ne7 11.c4 O-O 12.Qc1 Rc8 13.Rd1 Qb6 14.e3 Rfd8 15.Ba3 a5
16.Rb1 Bf5 17.Bxc5 Qxc5 18.Rb2 Qb4 19.c5 Rb8 20.Bf1 a4 21.Nb1 a3 22.Rbd2 Bxb1
23.Qxb1 Qxc5 24.Rc2 Qb4 25.Qc1 Ra8 26.Rd3 g6 27.Bh3 Kf7 28.f4 e4 29.Rd4 Qb6
30.Rc3 Ra7 31.g4 Rda8 32.Bf1 Ra5 33.b4 Ra4 34.Rb3 h5 35.h3 hxg4 36.hxg4 Rh8
37.Qc5 Qxc5 38.bxc5 Ra7 39.Rdb4 Rha8 40.Rb7 Kf8 41.Rxa7 Rxa7 42.Kf2 g5 43.f5 Ra5
44.Rc3 Ng8 45.Ke1 Nh6 46.Be2 Nf7 47.Kd2 Ne5 48.Kc2 Nd7 49.Kb3 Rxc5 50.Rxc5 Nxc5+
51.Kxa3 Ke7 52.Kb4 Kd6 53.a4 Nd7 54.a5 Kc7 55.Bf1 Kb7 56.Be2 Ka7 57.Bf1 Ne5
58.Be2 Nd3+ 59.Kc3  0-1

[Event "9th Parsvnath Open"]
[Site "New Delhi IND"]
[Date "2011.01.16"]
[Round "11"]
[White "Danielsen,Hen"]
[Black "Postny,E"]
[Result "1/2-1/2"]
[WhiteElo "2519"]
[BlackElo "2592"]

1.g3 d5 2.Nf3 c6 3.Bg2 Bg4 4.d4 Nd7 5.Nbd2 e6 6.O-O Ngf6 7.Re1 Be7 8.e4 O-O
9.c3 Bh5 10.e5 Ne8 11.Nb3 Nc7 12.Be3 c5 13.Nc1 cxd4 14.Bxd4 Nb5 15.Nd3 Nxd4
16.cxd4 Qb6 17.Nf4 Bxf3 18.Bxf3 Nb8 19.Re3 Nc6 20.Ne2 Rfc8 21.Rb3 Qa6 22.Rc3 b5
23.Bg4 Na5 24.Rac1 Rc4 25.b3 Rxc3 26.Nxc3 Qb6 27.Be2 a6 28.Bd3 Ba3 29.Rc2 Nc6
30.Ne2 Nb4 31.Rc3 g6 32.Bb1 Bb2 33.Rf3 Nc6 34.Rd3 Rc8 35.Qd2 Ba3 36.Qf4  1/2-1/2

[Event "B1 Masters"]
[Site "Marianske Lazne CZE"]
[Date "2011.01.17"]
[Round "3"]
[White "Jurek,J"]
[Black "Volodin,V"]
[Result "1-0"]
[WhiteElo "2354"]
[BlackElo "2223"]

1.Nf3 d5 2.g3 Nf6 3.Bg2 e6 4.O-O c5 5.c4 Nc6 6.cxd5 Nxd5 7.d4 Be7 8.Nc3 Nxc3
9.bxc3 O-O 10.e4 b6 11.Be3 cxd4 12.cxd4 Ba6 13.Re1 Bb4 14.Bd2 Bxd2 15.Qxd2 Rc8
16.d5 exd5 17.exd5 Na5 18.Rad1 Nc4 19.Qd4 Qd6 20.Qg4 Nb2 21.Rd4 Rfe8 22.Rde4 Rxe4
23.Qxe4 Nd3 24.Rd1 Nb2 25.Ra1 h6 26.Nd4 Bd3 27.Qe3 Qf6 28.Re1 Rc3 29.Nc6 Rc2
30.f4 Qd6 31.Qe8+ Kh7 32.Ne7  1-0